| 000 | 00000nam 2200000za 4500 |
| 001 | 9.822286 |
| 003 | CaOODSP |
| 005 | 20221107143643 |
| 007 | cr ||||||||||| |
| 008 | 160809s1980 xxc |o f|0| 0 fre d |
| 040 | |aCaOODSP|bfre |
| 043 | |an-cn--- |
| 086 | 1 |aF2-47/1980F-PDF |
| 100 | 1 |aSims, Harvey. |
| 245 | 10|aChangements récents dans le profil de croissance de la productivité au Canada |h[ressource électronique] / |c[par] Harvey Sims et Jim Stanton. |
| 260 | |a[Ottawa] : |bMinistère des Finances, |c1980. |
| 300 | |a71 p.|btableaux. |
| 500 | |aAvril 1980. |
| 500 | |a"Un d'une série de documents portant sur les questions économiques à moyen et à long terme." |
| 504 | |aComprend des références bibliographiques. |
| 692 | 07|2gccst|aProductivité |
| 700 | 1 |aStanton, Jim. |
| 710 | 1 |aCanada. |bMinistère des finances. |
| 775 | 08|tRecent changes in patterns of productivity growth in Canada |w(CaOODSP)9.827061 |
| 856 | 40|qPDF|s1.51 Mo|uhttps://publications.gc.ca/collections/collection_2016/fin/F2-47-1980-fra.pdf |